| 000 | 00632nam a2200145 a 4500 | ||
|---|---|---|---|
| 008 | 080109s1980 ||||||||||||||||| || u | ||
| 050 | _aQA 76 Fre | ||
| 100 | _aFrench, Carl S | ||
| 245 | 1 | 0 | _aComputer Science: an instructional manual |
| 260 |
_aWinchester _bD.P. Publications _c1980 |
||
| 300 | _avii, 436p. : ill. | ||
| 350 | _a0.00 | ||
| 995 |
_aBINDERY (DAMAGED) _D0.00 _e705338 _FCBU-MAIN LIBRARY (Kitwe) _H2 _I0.00 _jQA 76 Fre _M2 _UDAMAGED _y705338 _ZMain Library Open Access Collection |
||
| 995 |
_aBINDERY (DAMAGED) _D0.00 _e712778 _FCBU-MAIN LIBRARY (Kitwe) _H1 _I0.00 _jQA 76 Fre _M1 _UDAMAGED _y712778 _ZMain Library Open Access Collection |
||
| 999 |
_c79680 _d79680 |
||